header

Where medicine went wrong (Record no. 120099)

MARC details
000 -LEADER
fixed length control field 01449nam a2200373Ia 4500
100 1# - MAIN ENTRY--AUTHOR NAME
Personal name West, Bruce J.
245 10 - TITLE STATEMENT
Title Where medicine went wrong
260 ## - PUBLICATION, DISTRIBUTION, ETC. (IMPRINT)
Place of publication Hackensack, NJ :
Name of publisher World Scientific,
Year of publication c2006.
300 ## - PHYSICAL DESCRIPTION
Number of Pages xi, 337 p. :
Other physical details ill. (some col.).
490 1# - SERIES STATEMENT
Series statement Studies of nonlinear phenomena in life sciences ;
650 #0 - SUBJECT ADDED ENTRY--TOPICAL TERM
Topical Term Medicine
Topical Term Fractals.
Topical Term Human physiology.
Topical Term Health status indicators.
Topical Term Nonlinear theories.
856 40 - ELECTRONIC LOCATION AND ACCESS
Uniform Resource Identifier http://site.ebrary.com/lib/rucke/Doc?id=10201390

No items available.

© 2026 Rongo University
Contact us: librarian | system librarian | Rongo university